Choose the Correct Flag - Statistics

General Stats
  • This quiz has been taken 267 times
  • The average score is 9 of 10
Answer Stats
Question Answer % Correct
Which one is the flag of India?
96%
Which one is the flag of the United States?
96%
Which one is the flag of China?
96%
Which one is the flag of France?
96%
Which one is the flag of Japan?
96%
Which one is the flag of Egypt?
96%
Which one is the flag of Russia?
92%
Which one is the flag of Brazil?
92%
Which one is the flag of South Africa?
92%
Which one is the flag of Indonesia?
80%
No matching quizzes found
Score Distribution
Percent of People with Each Score
Percentile by Number Answered
Your Score History
You have not taken this quiz